000 00584nam a2200169 a 4500
008 090319s1999 ||||||||||||||||| || u
020 _a0340738146
050 _aHD 69.P75 Bag
100 _aBaguley, Phil
245 1 0 _aTeach yourself project management
_cPhil Baguley
260 _aLondon:
_bHodder Arnold
_c1999
300 _avi, 165p.: ill.
350 _a0.00
650 0 _aMANAGEMENT
650 _aTEACH YOURSELF
995 _D0.00
_FCBU-MAIN LIBRARY (Kitwe)
_H1
_I0.00
_M1
_UDAMAGED
_WAug 11, 2009
_ZMain Library Open Access Collection
999 _c59444
_d59444